Geography containing NA-NZ - Statistics

General Stats
  • This quiz has been taken 10 times
  • The average score is 7 of 26
Answer Stats
Contains: Clue Answer % Correct
NB The modern name of Constantinople (8) Istanbul
80%
NM Country otherwise known as Burma (7) Myanmar
70%
NU Pacific nation where they were known for eating free range humans (7) Vanuatu
70%
NK Turkish city (6) Ankara
60%
NI Caribbean country whose capital is Roseau (8) Dominica
60%
NT New tarp is damaged in Belgian port (7) Antwerp
50%
NX Nth boxer to have come out of New York (8) The Bronx
50%
NA City-state known for its fast living (6 letters) Monaco
40%
NP Indian city where they seem to have a positive and virtuous attitude (6) Kanpur
30%
NO My friends and I visit the largest town in Micronesia (4) Weno
30%
NF Cuban city of a hundred fires (10) Cienfuegos
20%
NV Error removed in Greenville, Grenada (9) Grenville
20%
NW Water container put back, the contents flowed in the style of some place in Pakistan (10) Gujranwala
20%
NR Algerian desert outpost where one gives thanks for mother falling on her backside, after she ate (11) Tamanrasset
20%
NN Queen goes to chapel in eastern French town (9) Annemasse
10%
NY Lover of New York found in Alpine village (5) Fanny
10%
NL Pull above - if you're at home, that's allowed at this Miami waterway (13) Haulover Inlet
10%
NH If I can sleep and go to the bathroom, I am fulfilled in this German town (10) Kippenheim
10%
NG Angolan city where few are left; if you ban them, they must disappear (7) Lubango
10%
NE Highest peak in the 48 contiguous U.S. states, a long way from Houston (12) Mount Whitney
10%
NQ Argentine town whose name refers to a victory against British invaders (11) Reconquista
10%
ND Flow in a uniform way through city of Namibia (5) Rundu
10%
NS Town in Burgundy, France, where the logic is incomplete (4) Sens
10%
NC Holy-sounding river of Canada (10) St. Lawrence
10%
NZ The questions are where and when, in this Chinese port (7) Wenzhou
10%
NJ Iranian city where the last and the first meet (6) Zanjan
0%
No matching quizzes found
Score Distribution
Percent of People with Each Score
Percentile by Number Answered
Your Score History
You have not taken this quiz